书目信息 |
| 题名: |
黑格尔《逻辑学》一书摘要
|
|
| 作者: | 列宁 著 ;中共中央马恩列斯著作编译局 译 | |
| 分册: | ||
| 出版信息: | 北京 人民出版社 1965.02 |
|
| 页数: | 180页 | |
| 开本: | 21cm | |
| 丛书名: | ||
| 单 册: | ||
| 中图分类: | A221.1 | |
| 科图分类: | ||
| 主题词: | 列字著作--单行本--1899年前 | |
| 电子资源: | ||
| ISBN: | ||
| 000 | 00680nam0 2200205 45 | |
| 001 | 0181023528 | |
| 005 | 20060227154944.57 | |
| 010 | @dCNY0.38 | |
| 091 | @a1001.620 | |
| 100 | @a20810111d km y0chiy0120 ea | |
| 101 | 0 | @achi |
| 200 | 1 | @a黑格尔《逻辑学》一书摘要@AHEI GE ER 《 LUO JI XUE 》 YI SHU ZHAI YAO@f列宁著@FLie Ning Zhu@g中共中央马恩列斯著作编译局译 |
| 210 | @a北京@c人民出版社@d1965.02 | |
| 215 | @a180页@d21cm | |
| 606 | 0 | @a列字著作@x单行本@z1899年前 |
| 690 | @aA221.1@v3 | |
| 701 | 0 | @a列宁@4著 |
| 712 | 02 | @a中共中央马恩列斯著作编译局@AZhong Gong Zhong Yang Ma En Lie Si Zhu ZuoBian Yi Ju@4译 |
| 801 | @aCN@bTSTC@c20060227 | |
| 905 | @dA221.1@e22:4400@f1@b65835 | |
| 黑格尔《逻辑学》一书摘要/列宁著/中共中央马恩列斯著作编译局译.-北京:人民出版社,1965.02 |
| 180页;21cm |
| ISBN :CNY0.38 |
| ● |
| 相关链接 |
|
|
|
|
正题名:黑格尔《逻辑学》一书摘要
索取号:A221.1/22:4400
 
预约/预借
| 序号 | 登录号 | 条形码 | 馆藏地/架位号 | 状态 | 备注 |
| 1 | 0065831 | 000951081 | 第一借阅区/ [索取号:A221.1/22:4400] | 在馆 | |
| 2 | 0065832 | 202199405 | 密集书库/ [索取号:A221.1/22:4400] | 在馆 | |
| 3 | 0065833 | 000951009 | 第一借阅区/ [索取号:A221.1/22:4400] | 在馆 | |
| 4 | 0065834 | 001854835 | 密集书库/ [索取号:A221.1/22:4400] | 在馆 | |
| 5 | 0065835 | 001970219 | 第一借阅区/ [索取号:A221.1/22:4400] | 在馆 | |
| 6 | 0065836 | 000951848 | 第一借阅区/ [索取号:A221.1/22:4400] | 在馆 | |
| 7 | 0065837 | 000951839 | 第一借阅区/ [索取号:A221.1/22:4400] | 在馆 | |
| 8 | 0065838 | 000951125 | 第一借阅区/ [索取号:A221.1/22:4400] | 在馆 | |
| 9 | 0065839 | 000951802 | 第一借阅区/ [索取号:A221.1/22:4400] | 在馆 | |
| 10 | 0065840 | 000951795 | 第一样本阅览室/ [索取号:A221.1/22:4400] | 在馆 |